| 000 | 00553nam a22001817a 4500 | ||
|---|---|---|---|
| 005 | 20231031143151.0 | ||
| 008 | 231031b |||||||| |||| 00| 0 eng d | ||
| 020 | _a9780702177156 | ||
| 041 | _aEnglish | ||
| 082 | _a346.7 GEN | ||
| 100 |
_aHavenga, P et al. _lEnglish |
||
| 245 |
_aGeneral Principles of Commercial Law / _cP Havenga et al. |
||
| 250 | _aSixth Edition | ||
| 260 |
_aCape Town : _bJuta and Company Ltd, _c2007 |
||
| 300 |
_bvii, 525 pages ; _c25 cm. |
||
| 650 |
_alegal practice _bLaw |
||
| 942 |
_cBK _6ALISON_BN_VRIES |
||
| 999 |
_c196 _d196 |
||